000 00264nam a2200097Ia 4500
001 1003111
005 20250826230443.0
008 250824s9999 xx 000 0 und d
245 0 _aGİZEM REHBERİ İLE ARALIKSIZ EĞLENCE
_cDİPPER PİNES
260 _bBETA YAYINLARI
999 _c1003111
_d1003111